Fundamentals of Sustainable Development (Record no. 11308)
[ view plain ]
| 000 -LEADER | |
|---|---|
| fixed length control field | 00891nam a22002777i 4500 |
| 003 - CONTROL NUMBER IDENTIFIER | |
| control field | URS |
| 005 - DATE AND TIME OF LATEST TRANSACTION | |
| control field | 20220117094524.0 |
| 008 - FIXED-LENGTH DATA ELEMENTS--GENERAL INFORMATION | |
| fixed length control field | 170130b xxu||||| |||| 00| 0 eng d |
| 020 ## - INTERNATIONAL STANDARD BOOK NUMBER | |
| International Standard Book Number | 9781849714198 |
| 040 ## - CATALOGING SOURCE | |
| Description conventions | rda |
| Transcribing agency | College |
| Language of cataloging | eng |
| 050 00 - LIBRARY OF CONGRESS CALL NUMBER | |
| Classification number | HC79 |
| Item number | R675 2012 |
| 082 ## - DEWEY DECIMAL CLASSIFICATION NUMBER | |
| Classification number | 338.9 |
| Item number | R67f 2012 |
| 100 ## - MAIN ENTRY--PERSONAL NAME | |
| Personal name | Roorda, Nico, |
| Relator term | author |
| 245 ## - TITLE STATEMENT | |
| Title | Fundamentals of Sustainable Development |
| Statement of responsibility, etc. | Nico Roorda, Peter Blaze Corcoran and Joseph P. Weakland |
| 264 #1 - PRODUCTION, PUBLICATION, DISTRIBUTION, MANUFACTURE, AND COPYRIGHT NOTICE | |
| Place of production, publication, distribution, manufacture | New York |
| Name of producer, publisher, distributor, manufacturer | Routledge |
| Date of production, publication, distribution, manufacture, or copyright notice | 2012 |
| 300 ## - PHYSICAL DESCRIPTION | |
| Extent | xxxii, 351 pages |
| Other physical details | illustrationss |
| Dimensions | 24.5 cm. |
| 336 ## - CONTENT TYPE | |
| Source | rda content |
| Content type term | text |
| 337 ## - MEDIA TYPE | |
| Source | rda media |
| Media type term | unmediated |
| 338 ## - CARRIER TYPE | |
| Source | rda carrier |
| Carrier type term | volume |
| 504 ## - BIBLIOGRAPHY, ETC. NOTE | |
| Bibliography, etc. note | Includes bibliography and index |
| 650 ## - SUBJECT ADDED ENTRY--TOPICAL TERM | |
| Topical term or geographic name entry element | Sustainable Development -- Study and Teaching |
| 650 ## - SUBJECT ADDED ENTRY--TOPICAL TERM | |
| Topical term or geographic name entry element | Environmental Education |
| 700 ## - ADDED ENTRY--PERSONAL NAME | |
| Personal name | Peter Blaze Corcoran |
| 700 ## - ADDED ENTRY--PERSONAL NAME | |
| Personal name | Joseph P. Weakland |
| 942 ## - ADDED ENTRY ELEMENTS (KOHA) | |
| Source of classification or shelving scheme | Library of Congress Classification |
| Koha item type | Foreign Books |
| Withdrawn status | Source of classification or shelving scheme | Damaged status | Not for loan | Collection code | Home library | Current library | Shelving location | Date acquired | Total Checkouts | Full call number | Barcode | Date last seen | Price effective from | Koha item type |
|---|---|---|---|---|---|---|---|---|---|---|---|---|---|---|
| Library of Congress Classification | Non-fiction | Rodriguez College Library | Rodriguez College Library | Reference | 01/30/2017 | HC79 R675 2012 | URSROD-4124 | 01/30/2017 | 11/27/2018 | Foreign Books |